Real analysis and probability

Saved in:
Bibliographic Details
Main Author: Ash, Robert B (Author)
Format: Book
Language:English
Published: Nueva York Academic Press 1972
Series:Probability and Mathematical Statistics
Subjects:
Tags: Add Tag
No Tags, Be the first to tag this record!

MARC

LEADER 00000nam a2200000 a 4500
001 UCP0040
003 CL-VaPUC
008 990128e19720000US |||||||||||||||||eng|d
082 0 4 |a 515.7  |b ASH  |2 21 
100 0 |a Ash, Robert B  |e author  |9 424875 
245 1 0 |a Real analysis and probability 
300 |a 476 p 
942 |c BK 
945 |d 19990128 00:00:00  |a crobeson 
260 |a Nueva York  |b Academic Press  |c 1972 
650 0 |a Teoría de la medida  |9 260231 
650 7 |a TEORIA DE LA INTEGRACION  |2 CL-VaPUC  |9 424876 
650 0 |a Análisis funcional   |9 269993 
650 0 |a Topología   |9 260092 
650 0 |a Teoría de probabilidades   |9 336944 
650 7 |a EXPECTACION  |2 CL-VaPUC  |9 424877 
650 7 |a TEOREMA DE LIMITE CENTRAL  |2 CL-VaPUC  |9 424878 
583 |a last modification  |c 20140108 04:14:24  |k Rodrigo Vera 
490 0 |a Probability and Mathematical Statistics 
999 |c 278926  |d 278924 
952 |0 0  |1 0  |3 erb  |4 0  |6 515_700000000000000_ASH_1972  |7 0  |8 A  |9 317743  |a BIBGIM  |b BIBGIM  |d 2019-11-20  |i 1320645  |l 3  |m 1  |o 515.7 ASH 1972  |p 1320645  |q 2022-01-20  |r 2021-10-26  |s 2021-10-26  |w 2019-11-20  |y BK  |k EST 
952 |0 0  |1 0  |3 erb  |4 0  |6 515_700000000000000_ASH_1972  |7 0  |8 A  |9 317744  |a BIBMAT  |b BIBMAT  |d 2019-11-20  |i 1320653  |o 515.7 ASH 1972  |p 1320653  |r 2025-01-07  |w 2019-11-20  |y BK  |k MAT 
952 |0 0  |1 0  |3 erb  |4 0  |6 515_700000000000000_ASH_1972  |7 0  |8 A  |9 317745  |a BIBMAT  |b BIBMAT  |d 2019-11-20  |i 1320661  |o 515.7 ASH 1972  |p 1320661  |r 2025-01-07  |w 2019-11-20  |y BK  |k MAT